| 000 | 00765cam a22002293a 4500 | ||
|---|---|---|---|
| 001 | 38491 | ||
| 003 | PGUSA | ||
| 005 | 20140828083841.0 | ||
| 008 | 120103s2012||||xxu|||||s|||||000 | eng d | ||
| 040 |
_aPGUSA _beng |
||
| 042 | _adc | ||
| 050 | 4 | _aAG | |
| 245 | 1 | 0 |
_aNotes and Queries, Vol. IV, Number 98, September 13, 1851 : _bA Medium of Inter-communication for Literary Men, Artists, Antiquaries, Genealogists, etc. _h[electronic resource] / _cVarious |
| 260 |
_bProject Gutenberg, _c2012 |
||
| 506 | _aPublic domain in the USA. | ||
| 516 | _aElectronic text | ||
| 653 | _aQuestions and answers -- Periodicals | ||
| 700 | 1 |
_aBell, George, _d1814-1890 |
|
| 830 | 0 |
_aProject Gutenberg _v38491 |
|
| 856 | 4 | 0 | _uhttp://www.gutenberg.org/ebooks/38491 |
| 942 | _cEB | ||
| 999 |
_c267745 _d267745 |
||